Los melindres de belisa /

Guardado en:
Autor Principal: Vega Carpio Lope, Felix De
Formato: Libro
Publicado: España : Alfil, 1963
Materias:
Etiquetas: Agregar Etiqueta
Sin Etiquetas, Sea el primero en etiquetar este registro!
LEADER 00490nam a22001815a 4500
001 CEM.cems006486
005 20060214000000.0
008 130507s1963##################000#0#####d
003 CEMS
082 0 4 |a 862.3 
100 1 |a Vega Carpio Lope, Felix De 
245 1 0 |a Los melindres de belisa / 
260 |a España :  |b Alfil,  |c 1963 
300 |a 96 p. 
653 |a Literatura 
653 |a Teatro 
653 |a Teatro español-siglo de oro 
859 |a CEMS  |b BIB. CEMS - 11 de abril  |h 862.3  |i V522  |p 8510.80  |t Ej.1